000 00477nam a2200169Ia 4500
008 241115s9999 xx 000 0 und d
020 _a0-07-112350-4
082 _a659 OBR
100 _aBrien, James A.O
245 0 _aManagement Information Systems: managing information technology in the e-business enterprise
250 _a5th ed.
260 _aNew York:
_bMcGrew Hill,
_c2002.
300 _axxvii,530p.
600 _aManagement
650 _aManagement
942 _cBBD
999 _c25664
_d25664